Suurimmat kaupungit kirjaimittain - M - Statistics

Yleistilastot
  • Tätä visaa on pelattu 716 kertaa
  • Keskiarvotulos 13 / 20
Vastaustilastot
Valtio Väkiluku Kaupunki % Oikein
Meksiko 24,9 milj. México
99%
Espanja 6,85 milj. Madrid
98%
Venäjä 18,8 milj. Moskova
98%
Filippiinit 26,7 milj. Manila
95%
Italia 6,10 milj. Milano
94%
Intia 26,6 milj. Mumbai
88%
Australia 4,95 milj. Melbourne
86%
Kanada 4,38 milj. Montreal
86%
Yhdistynyt kuningaskunta 3,13 milj. Manchester
83%
Yhdysvallat 6,45 milj. Miami
68%
Saudi-Arabia 2,33 milj. Mekka
67%
Kolumbia 4,23 milj. Medellín
57%
Yhdysvallat 3,30 milj. Minneapolis
52%
Mosambik 2,45 milj. Maputo
50%
Meksiko 5,85 milj. Monterrey
48%
Brasilia 2,33 milj. Manaus
43%
Venezuela 2,75 milj. Maracaibo
31%
Iran 3,35 milj. Mašhad
29%
Indonesia 4,15 milj. Medan
25%
Kongon demokraattinen tasavalta 2,33 milj. Mbuji-Mayi
17%
Ehtoja vastaavia visoja ei löytynyt
Tulosjakauma
Jokaisen tuloksen saaneiden osuus
Persentiili vastausten määrän mukaan
Tuloshistoriasi
Et ole pelannut tätä visaa